Multiple Choice-Stadtquiz Kaiserslautern - Statistiken

Allgemein
  • Dieses Quiz wurde 65 mal gespielt
  • Das Durchschnittsergebnis liegt bei 7 aus 10
Antwortstatistiken
Frage Antwort % Korrekt
Wie wird das Lauterer Fußballstadion umgangssprachlich genannt? Betzenberg
100%
Nach Ludwigshafen ist Kaiserslautern die größte Stadt welcher Region? Pfalz
95%
Der größte internationale Militärstützpunkt welches Landes befindet sich in Kaiserslautern? Vereinigte Staaten von Amerika
89%
Welchen Beinamen trägt die Stadt Kaiserslautern? Barbarossastadt
82%
Welcher Popstar wurde in Kaiserslautern geboren? Mark Forster
79%
Welcher Fußball-Weltmeister von 1954 stammt NICHT aus Kaiserslautern? Toni Turek
79%
In welchem Jahr kam es in der Nachbargemeinde Ramstein zu einem tödlichen Flugunglück? 1988
69%
In diesem Park befindet sich die größte Dinosaurier-Ausstellung Europas. Gartenschau
60%
Welches Tier ist am Stadtwappen abgebildet? Fisch
56%
Welche Sagenperson, nach der auch eine Straße benannt wurde, gründete angeblich die Stadt Kaiserslautern? Lutrina
39%
Keine übereinstimmenden Quizze gefunden
Verteilung der Resultate
Anzahl Personen mit jedem Resultat
Perzentil nach korrekt beantworteten Fragen
Ihre Resultats-Entwicklung
Sie haben dieses Quiz noch nicht gespielt